| 000 | 00730nam a22002057a 4500 | ||
|---|---|---|---|
| 999 |
_c8302 _d8302 |
||
| 003 | AR-CdUCM | ||
| 008 | 190322b ||||| |||| 00| 0 spa d | ||
| 040 |
_aMUNICIPALIDAD PROVINCIAL DEL CUSCO _cBIBLIOTECA MUNICIPAL DEL CUSCO |
||
| 082 |
_a070.4 / _bQ71 |
||
| 100 |
_aQuirós Sánchez, Eduardo _923337 |
||
| 245 | _aPatología de la redacción periodística / | ||
| 260 |
_aTrujillo : _bEdit. Libertad, _c1988. |
||
| 300 |
_a244 páginas ; _bIlustraciones, _c21 cm. |
||
| 505 | _aContenido: Dos Palabra -- Cuestiones generales -- Cuestiones gramaticales -- Vicios frecuentes del lenguaje... | ||
| 650 |
_aPeriodismo _91929 |
||
| 650 |
_aRedacción _923338 |
||
| 650 |
_aPrensa _919488 |
||
| 942 |
_2ddc _cLIBROS |
||
| 945 | _admma | ||